000 00328 a2200121 4500
000 nam a22 7a 4500
005 20260316114452.0
020 _a9781470472535
100 _aGiovanni Leoni
_91132138
245 _aA First Course in Fractional Sobolev Spaces
260 _bAmerican Mathematical Society
_c2023
942 _cTEXL
999 _c1715484
_d1715484